Normal view
MARC view
- Socialismo en Rusia
Entry Materia
001 - NÚMERO DE CONTROL DEL REGISTRO
- campo de control: 21167
003 - IDENTIFICADOR DE NUMERO DE CONTROL
- campo de control: MX-MxUPN
005 - FECHA Y HORA DE LA ÚLTIMA TRANSACCIÓN
- campo de control: 20241108124105.0
008 - DATOS DE LONGITUD FIJA
- campo de control de longitud fija: 241108n||acnnnbabn n ana |d
035 ## - NÚMERO DE CONTROL DEL SISTEMA
- Número de control del sistema: UPN10000021176
040 ## - FUENTE DE LA CATALOGACIÓN
- Lengua de catalogación: spa
- Agencia de transcripción: MX-MxUPN
- Centro catalogador de origen: MX-MxUPN
150 ## - ENCABEZAMIENTO - TEMÁTICO
- Término de materia o nombre geográfico como elemento inicial: Socialismo en Rusia
670 ## - FUENTE EN LA QUE SE LOCALIZARON DATOS
- Cita de la fuente: LEMB, 1998 :
- Información localizada: página 969 (Socialismo en Alemania, [Francia, Gran Bretaña, etc.])
902 ## - CATALOGADOR
- Catalogador: PN151196
- Catalogador: MaríaRobles/081124
